| 000 | 01230nam a2200361 i 4500 | ||
|---|---|---|---|
| 001 | 57379 | ||
| 003 | CO-BoRNBP | ||
| 005 | 20250624164527.0 | ||
| 007 | ta | ||
| 008 | 160801s2007 sp a br 000 j spa d | ||
| 020 | _a9788434839694 | ||
| 040 |
_aCO-BoRNBP _bspa _erda _cCO-BoRNBP |
||
| 041 | 0 | _aspa | |
| 043 | _ae-sp--- | ||
| 084 | _aC FAR1 | ||
| 100 | 1 |
_aFarias, Juan, _d1935- _eautor _960505 |
|
| 245 | 1 | 4 |
_aLas cosas de Pablo _cJuan Farias ; ilustraciones de Carmen Lucini |
| 250 | _aDecimacuarta edición | ||
| 264 | 1 |
_aMadrid, España _bEditorial S.M. _c2007 |
|
| 300 |
_a61 páginas _bilustraciones a color _c19 cm |
||
| 336 |
_atexto _btxt _2rdacontent |
||
| 337 |
_asin mediación _bn _2rdamedia |
||
| 338 |
_avolumen _bnc _2rdacarrier |
||
| 521 | 1 | _aRecomendado para un público infantil mayor de 6 años. | |
| 650 | 0 | 0 |
_aCuentos infantiles españoles. _ySiglo XX _2LEMB _9928 |
| 650 | 0 | 7 |
_aNiños en la literatura _2LEMB _9873 |
| 650 | 0 | 7 |
_aLiteratura infantil española _ySiglo XX _2LEMB _9845 |
| 650 | 0 | 7 |
_aProtección del medio ambiente _2LEMB |
| 650 | 0 | 7 |
_aAnimales en la literatura _2LEMB _9853 |
| 650 | 0 | 4 |
_aAutores Españoles _2LEMB _9727 |
| 700 | 1 |
_aLucini, Carmen _eilustradora _960506 |
|
| 942 |
_2loc _cBKLITI |
||
| 999 |
_c57379 _d57379 |
||